[Event "Sevastopol Waltz"]
[Site "Sevastopol"]
[Date "2021.08.20"]
[Round "4"]
[White "Zykov, Dmitry"]
[Black "Shulgin, Viktor"]
[Result "1-0"]
[WhiteElo "2011"]
[BlackElo "1810"]
[PlyCount "101"]
[EventDate "2021.08.17"]
[EventType "swiss"]
[EventRounds "9"]
[EventCountry "UKR"]
[SourceTitle "CBM 203 Extra"]
[Source "ChessBase"]
[SourceDate "2021.09.30"]
[SourceVersion "1"]
[SourceVersionDate "2021.09.30"]
[SourceQuality "1"]

1. d4 d5 2. c4 c6 3. cxd5 cxd5 4. Bf4 Nc6 5. e3 e6 6. Nc3 Bd6 7. Bxd6 Qxd6 8. f4 Nf6 9. Nf3 Ng4 10. Qd2 Nb4 11. Rc1 a6 12. h3 Nf6 13. a3 Nc6 14. Bd3 Na5 15. Qe2 Nb3 16. Rc2 Na1 17. Rc1 Nb3 18. Rd1 b5 19. Bxb5+ Bd7 20. Bd3 0-0 21. Ne5 Rfc8 22. g4 g6 23. Kf2 a5 24. g5 Nh5 25. a4 Be8 26. Bb5 Rab8 27. Bxe8 Rxe8 28. Nb5 Qb4 29. Nc6 Qxa4 30. Nxb8 Rxb8 31. Nc3 Qb4 32. Na2 Qa4 33. Nc1 Ng7 34. Qc2 Nf5 35. Rd3 Nc5 36. Qxc5 Rxb2+ 37. Ne2 Qa2 38. Re1 Ng3 39. Kxg3 Rxe2 40. Rxe2 Qxe2 41. Qc3 Qa2 42. Qb3 Qe2 43. Qd1 Qa2 44. Rd2 Qa3 45. Kf3 a4 46. Qb1 h6 47. gxh6 Qe7 48. Qb8+ Kh7 49. Qe5 f6 50. Qb8 g5 51. Rc2 1-0